00970nas a2200229Ia 4500001001100000003000900011008004100020040001300061040001300074041001300087100004600100210001900146222001900165245013700184250001100321260005100332501008600383300001700469362004600486500016900532650003900701R452/C4724IT-RoPAU151124c99999999xx |||||||||||| ||und|| aIT-RoPAU cIT-RoPAU aITALIANO aRocca GiancarlogCodice Aut. SPICS: 14701 aVITA PASTORALE aVita Pastorale aVITA PASTORALE, ANNO 82-N.08/09 (AGOSTO/SETTEMBRE 1994)bUna Successione di Quadri In Rapida Sequenza - Storia Della Vita Consacrata a1a ed. aMILANObSOCIETA' S. PAOLO GRUPPO PERIOD.c1994 bPaulus - SPICS - Società San Paolo EM (non-commercial uses only)cCopyright2015 a8 p. [26-33] aANNO 082, N.08/09 (AGOSTO/SETTEMBRE 1994) aGesù e il Celibato per il Regno dei Cieli. Ascetismo Premonastico. Monachesimo. Nuove Congregazioni Religiose Sorte Dopo la Restaurazione e gli Istituti Secolari. aPASTORALEvPUBBLICAZIONE PERIODICA